[Event "LLWestMV2014-15"]
[Site "?"]
[Date "2015.01.18"]
[Round "5.6"]
[White "Gottschalk, Maik"]
[Black "Wendt, Uwe"]
[Result "1-0"]
[WhiteElo "1675"]
[BlackElo "1642"]
[PlyCount "101"]
[EventType "team-tourn"]
[EventRounds "9"]
[WhiteTeam "Putlitzer SV"]
[BlackTeam "SV Malchower Schachinsel"]

1. c4 f5 2. Nc3 Nf6 3. Nf3 Nc6 4. d4 d5 5. e3 g6 6. Bd2 Bg7 7. cxd5 Nxd5 8. Bc4
e6 9. a3 O-O 10. O-O a6 11. Rc1 Qd6 12. Ne2 Kh8 13. Qc2 Bf6 14. Rfd1 Rf7 15. e4
fxe4 16. Qxe4 Nb6 17. Bb3 Qf8 18. Nf4 Re7 19. Ne5 Bxe5 20. dxe5 Bd7 21. Rc3 Qg7
22. Rh3 Kg8 23. Bc3 Kf7 24. Rf3 Ke8 25. Rg3 Qf7 26. Rdd3 Kd8 27. Rgf3 Qe8 28.
Rd1 Kc8 29. Rfd3 Kb8 30. Qe3 a5 31. Ne2 Ra6 32. Ng3 a4 33. Ba2 Bc8 34. Ne4 Nd5
35. Bxd5 exd5 36. Rxd5 Be6 37. R5d2 Bb3 38. Nf6 Qc8 39. Rc1 Qe6 40. Bb4 Rf7 41.
h3 b5 42. Qc5 Nxb4 43. axb4 Bc4 44. Rcd1 Rc6 45. Rd8+ Kb7 46. Qd4 Bb3 47. Re8
Re7 48. Rf8 Ra6 49. Rc1 Bc4 50. Ne4 Rc6 51. Qd8 1-0

[Event "LLWestMV2014-15"]
[Site "?"]
[Date "2015.01.18"]
[Round "5.7"]
[White "Wahrmann, Eric"]
[Black "Feige, Detlef"]
[Result "1-0"]
[WhiteElo "1488"]
[BlackElo "1599"]
[PlyCount "91"]
[EventType "team-tourn"]
[EventRounds "9"]
[WhiteTeam "SV Malchower Schachinsel"]
[BlackTeam "Putlitzer SV"]

1. d4 Nf6 2. e3 d5 3. Bd3 Nc6 4. f4 Bg4 5. Nf3 e6 6. c3 Bd6 7. O-O a6 8. Nbd2
Ne7 9. Qe1 c5 10. Ne5 Bf5 11. e4 dxe4 12. Nxe4 Nxe4 13. Bxe4 cxd4 14. Bxb7 Rb8
15. Bc6+ Nxc6 16. Nxc6 Qb6 17. Nxb8 dxc3+ 18. Be3 Qxb8 19. Qxc3 O-O 20. Rac1
Qb5 21. Rfd1 Be7 22. Bd4 f6 23. Qc6 Qe2 24. Re1 Qd3 25. Rcd1 Qb5 26. Qxb5 axb5
27. a3 Kf7 28. b4 Rc8 29. Rc1 Rd8 30. Bb6 Rd3 31. Re3 Rd5 32. Rc7 Ke8 33. Rec3
e5 34. fxe5 fxe5 35. Bc5 Bf6 36. Ra7 e4 37. Ra8+ Kd7 38. Ra7+ Kd8 39. Bb6+ Ke8
40. Rcc7 Rd1+ 41. Kf2 Bd7 42. Ke3 Bg5+ 43. Kxe4 Re1+ 44. Kf3 Rf1+ 45. Ke2 Bg4+
46. Kxf1 1-0

[Event "LLWestMV2014-15"]
[Site "?"]
[Date "2015.01.18"]
[Round "5.8"]
[White "Paetzke, Bernd"]
[Black "Tamrazyan, Gohar"]
[Result "0-1"]
[WhiteElo "1443"]
[BlackElo "1424"]
[PlyCount "60"]
[EventType "team-tourn"]
[EventRounds "9"]
[WhiteTeam "Putlitzer SV"]
[BlackTeam "SV Malchower Schachinsel"]

1. d4 Nf6 2. Nf3 e6 3. c4 Nc6 4. Nc3 Bb4 5. Bg5 O-O 6. e3 d6 7. Qb3 Bxc3+ 8.
Qxc3 d5 9. Bd3 Nb8 10. e4 dxe4 11. Bxe4 Nxe4 12. Bxd8 Nxc3 13. Bxc7 Ne4 14. O-O
b6 15. Rfe1 Nf6 16. Rad1 Ba6 17. b3 Bb7 18. Ne5 Ne4 19. d5 exd5 20. cxd5 Nc3
21. d6 Nxd1 22. Rxd1 f6 23. d7 Nxd7 24. Nxd7 Rf7 25. Rd2 Rc8 26. Nxb6 Rfxc7 27.
Nc4 Ba6 28. f3 Bxc4 29. bxc4 Rxc4 30. a3 Rc1+ 0-1

[Event "LLWestMV2014-15"]
[Site "?"]
[Date "2015.01.18"]
[Round "5.1"]
[White "Schreiber, Felix"]
[Black "Rabinowitsch, Juri"]
[Result "1/2-1/2"]
[WhiteElo "1809"]
[BlackElo "1891"]
[PlyCount "64"]
[EventType "team-tourn"]
[EventRounds "9"]
[WhiteTeam "SC Mecklenburger Springer"]
[BlackTeam "SF Schwerin IV"]

1. d4 Nf6 2. Nf3 g6 3. c4 Bg7 4. Nc3 O-O 5. e4 d6 6. Be2 Nc6 7. h3 e5 8. d5 Ne7
9. g4 a5 10. a4 Nd7 11. Be3 f5 12. gxf5 gxf5 13. exf5 Nxf5 14. Bg5 Nf6 15. Ne4
Kh8 16. Nh4 Qe8 17. Bxf6 Bxf6 18. Nxf5 Bxf5 19. Nxf6 Rxf6 20. Bg4 Bg6 21. Ra3
Rf4 22. Rc3 Qe7 23. b3 Re4+ 24. Re3 Rxe3+ 25. fxe3 Rf8 26. Rf1 Be4 27. Rxf8+
Qxf8 28. Kd2 Qf6 29. Qg1 Qg6 30. Qf2 Kg7 31. Bf3 Bc2 32. Qh4 Bxb3 1/2-1/2

[Event "LLWestMV2014-15"]
[Site "?"]
[Date "2015.01.18"]
[Round "5.3"]
[White "Konrad, Andreas"]
[Black "Jung, Werner"]
[Result "0-1"]
[WhiteElo "1734"]
[BlackElo "1896"]
[PlyCount "46"]
[EventType "team-tourn"]
[EventRounds "9"]
[WhiteTeam "SC Mecklenburger Springer"]
[BlackTeam "SF Schwerin IV"]

1. e4 d5 2. exd5 Nf6 3. Bb5+ Bd7 4. Bc4 b5 5. Bb3 Bg4 6. f3 Bc8 7. d4 Nxd5 8.
Ne2 e6 9. Nbc3 c6 10. Nxd5 exd5 11. c3 Bd6 12. O-O O-O 13. Bc2 Qc7 14. g3 Nd7
15. Qd3 f5 16. Rf2 Nf6 17. Bg5 Bd7 18. b4 a5 19. bxa5 Rxa5 20. Bf4 Bxf4 21.
Nxf4 Ra3 22. Re2 Qa5 23. Bb3 Rxb3 0-1

[Event "LLWestMV2014-15"]
[Site "?"]
[Date "2015.01.18"]
[Round "5.4"]
[White "Krueger, Gerhard"]
[Black "Knoop, Sascha"]
[Result "1/2-1/2"]
[WhiteElo "1814"]
[BlackElo "1729"]
[PlyCount "48"]
[EventType "team-tourn"]
[EventRounds "9"]
[WhiteTeam "SF Schwerin IV"]
[BlackTeam "SC Mecklenburger Springer"]

1. e4 e5 2. Nf3 d6 3. d4 exd4 4. Nxd4 Nf6 5. Nc3 Be7 6. Bc4 Nxe4 7. Bxf7+ Kxf7
8. Qh5+ g6 9. Qd5+ Kg7 10. Nxe4 c6 11. Qb3 d5 12. Ng3 Bf6 13. Nde2 Re8 14. O-O
Qb6 15. Qxb6 axb6 16. c3 Nd7 17. Be3 Ne5 18. b3 Ra6 19. a4 Nd3 20. Nd4 Nc5 21.
Rab1 Ne4 22. Nxe4 Rxe4 23. Rfe1 Bd7 24. f3 Re8 1/2-1/2

[Event "LLWestMV2014-15"]
[Site "?"]
[Date "2015.01.18"]
[Round "5.5"]
[White "Schreiber, Nico"]
[Black "Pamperin, Gerhard"]
[Result "1/2-1/2"]
[WhiteElo "1706"]
[BlackElo "1791"]
[PlyCount "38"]
[EventType "team-tourn"]
[EventRounds "9"]
[WhiteTeam "SC Mecklenburger Springer"]
[BlackTeam "SF Schwerin IV"]

1. d4 d5 2. Bf4 e6 3. e3 c5 4. c3 Nc6 5. Nd2 Bd6 6. Bg3 Nf6 7. Bd3 O-O 8. Ngf3
b6 9. Ne5 Bb7 10. O-O Qc7 11. f4 g6 12. Bh4 Ne8 13. Qg4 f5 14. Qh3 Nxe5 15.
fxe5 Be7 16. Nf3 Qd8 17. Bxe7 Qxe7 18. Qh6 Qg7 19. Qxg7+ Nxg7 1/2-1/2

[Event "LLWestMV2014-15"]
[Site "?"]
[Date "2015.01.18"]
[Round "5.6"]
[White "Weinstein, Arkadi"]
[Black "Goldbach, Aaron"]
[Result "0-1"]
[WhiteElo "1705"]
[BlackElo "1696"]
[PlyCount "68"]
[EventType "team-tourn"]
[EventRounds "9"]
[WhiteTeam "SF Schwerin IV"]
[BlackTeam "SC Mecklenburger Springer"]

1. e4 c5 2. Nf3 e6 3. d4 cxd4 4. Nxd4 Nc6 5. Be3 Qc7 6. c3 a6 7. Nd2 Nf6 8. Bd3
d5 9. Qe2 dxe4 10. Nxe4 Nd5 11. O-O Nxe3 12. Qxe3 Be7 13. Rad1 Nxd4 14. Qxd4
O-O 15. Qe3 Bd7 16. Rfe1 Bc6 17. Ng5 h6 18. Nf3 Rfd8 19. Nd4 Bd5 20. b3 Bg5 21.
Qg3 Bf4 22. Qh3 b5 23. Bb1 Rac8 24. Qd3 g6 25. g3 Bg5 26. f4 Bf6 27. Rc1 Bb7
28. Qe3 e5 29. fxe5 Bg5 30. Qf2 Bxc1 31. e6 Bg5 32. h4 Bf6 33. Qxf6 Qxg3+ 34.
Kf1 Qg2# 0-1

[Event "LLWestMV2014-15"]
[Site "?"]
[Date "2015.01.18"]
[Round "5.7"]
[White "Hopp, Peter"]
[Black "Peschke, Wolfgang"]
[Result "1-0"]
[WhiteElo "1626"]
[BlackElo "1612"]
[PlyCount "67"]
[EventType "team-tourn"]
[EventRounds "9"]
[WhiteTeam "SC Mecklenburger Springer"]
[BlackTeam "SF Schwerin IV"]

1. e4 e6 2. d4 d5 3. exd5 exd5 4. Bd3 Nf6 5. Ne2 Bd6 6. Bg5 Bg4 7. c3 Nbd7 8.
Qc2 O-O 9. Bxh7+ Kh8 10. Bd3 Re8 11. f3 Be6 12. Nd2 c5 13. dxc5 Bxc5 14. Nb3
Rc8 15. O-O-O Be7 16. Ned4 a6 17. Nxe6 fxe6 18. Bg6 Rf8 19. Rd4 Ng8 20. Rh4+
Nh6 21. Bxe7 Qxe7 22. Rh5 Nf6 23. Re5 Nf7 24. Bxf7 Qxf7 25. Nd4 Nd7 26. Rxe6
Rfe8 27. Rhe1 Rxe6 28. Rxe6 Qf4+ 29. Qd2 Qxh2 30. Re7 Ne5 31. Qg5 Qg1+ 32. Kc2
Ng6 33. Qxg6 Qxd4 34. Re8+ 1-0

[Event "LLWestMV2014-15"]
[Site "?"]
[Date "2015.01.18"]
[Round "5.8"]
[White "Schumacher, Ole"]
[Black "Moritz, Egon"]
[Result "0-1"]
[WhiteElo "1311"]
[BlackElo "1349"]
[PlyCount "54"]
[EventType "team-tourn"]
[EventRounds "9"]
[WhiteTeam "SF Schwerin IV"]
[BlackTeam "SC Mecklenburger Springer"]

1. e4 d5 2. exd5 Qxd5 3. Nc3 Qa5 4. d4 c6 5. Bd3 Nf6 6. Bf4 Bg4 7. f3 Bh5 8.
Nge2 e6 9. O-O Be7 10. Ng3 O-O 11. Nge4 Nbd7 12. Qe1 Rfe8 13. Qg3 Bg6 14. Kh1
Nh5 15. Qg4 f5 16. Qh3 Nxf4 17. Qg3 Nxd3 18. Nd6 f4 19. Nxb7 Qc7 20. Qg4 Bf5
21. Qh5 Qxb7 22. cxd3 Qxb2 23. Rfc1 Qf2 24. Ne4 Qxd4 25. Rab1 Ne5 26. Rb7 Nf7
27. h3 g6 0-1

[Event "LLWestMV2014-15"]
[Site "?"]
[Date "2015.01.18"]
[Round "5.1"]
[White "Stadler, Bertino"]
[Black "Graffenberger, Martin"]
[Result "0-1"]
[WhiteElo "1675"]
[BlackElo "1865"]
[PlyCount "74"]
[EventType "team-tourn"]
[EventRounds "9"]
[WhiteTeam "SV Empor Kuehlungsborn"]
[BlackTeam "VfL Blau Weisz Neukloster"]

1. e4 e5 2. Nf3 Nc6 3. Bc4 Bc5 4. d3 d6 5. Be3 Bxe3 6. fxe3 Nf6 7. Nbd2 Na5 8.
Qe2 Nxc4 9. Nxc4 Qe7 10. O-O-O Be6 11. Ncd2 d5 12. exd5 Bxd5 13. Kb1 Qe6 14. a3
O-O 15. e4 Bc6 16. Nc4 Nd7 17. Ne3 b5 18. h4 f6 19. g4 b4 20. axb4 a5 21. bxa5
Rxa5 22. Nc4 Ra7 23. Nfd2 Rfa8 24. Nb3 Ba4 25. g5 Bxb3 26. cxb3 Ra1+ 27. Kc2
Rxd1 28. Qxd1 Rf8 29. Rf1 Qh3 30. Qe1 Nc5 31. Qe2 Ne6 32. Kc3 Nd4 33. Qf2 Qe6
34. Qh2 Rb8 35. gxf6 Rxb3+ 36. Kd2 Qxc4 37. f7+ Kf8 0-1

[Event "LLWestMV2014-15"]
[Site "?"]
[Date "2015.01.18"]
[Round "5.2"]
[White "Skriwanek, Arne"]
[Black "Kornblum, Harry"]
[Result "1/2-1/2"]
[WhiteElo "1762"]
[BlackElo "1870"]
[PlyCount "86"]
[EventType "team-tourn"]
[EventRounds "9"]
[WhiteTeam "VfL Blau Weisz Neukloster"]
[BlackTeam "SV Empor Kuehlungsborn"]

1. c4 Nf6 2. Nc3 g6 3. g3 Bg7 4. Bg2 O-O 5. d3 d6 6. e4 c6 7. Nge2 e5 8. O-O a5
9. Rb1 Na6 10. h3 Nc5 11. Be3 Qe7 12. Qc2 Nh5 13. d4 Na6 14. dxe5 dxe5 15. a3
Be6 16. Na4 f5 17. Bb6 fxe4 18. Bxa5 e3 19. fxe3 Qg5 20. Kh2 Qxe3 21. Bb6 Qg5
22. Nc5 Nxc5 23. Bxc5 Rfd8 24. Bb4 Rd7 25. Rbd1 Rad8 26. Rxd7 Rxd7 27. c5 Nf6
28. Rd1 Nd5 29. Bxd5 Bxd5 30. Nc3 Qf5 31. Qxf5 gxf5 32. Kg1 Kf7 33. Kf2 Ke6 34.
Ne2 Bf8 35. Nc3 Bb3 36. Rxd7 Kxd7 37. g4 Ke6 38. gxf5+ Kxf5 39. Ke3 Bh6+ 40.
Kd3 Bd5 41. a4 e4+ 42. Kd4 Ke6 43. Nxe4 Bg7+ 1/2-1/2

[Event "LLWestMV2014-15"]
[Site "?"]
[Date "2015.01.18"]
[Round "5.3"]
[White "Busz, Stephan"]
[Black "Freitag, Werner"]
[Result "1-0"]
[WhiteElo "1887"]
[BlackElo "1709"]
[PlyCount "93"]
[EventType "team-tourn"]
[EventRounds "9"]
[WhiteTeam "SV Empor Kuehlungsborn"]
[BlackTeam "VfL Blau Weisz Neukloster"]

1. d4 d5 2. Bf4 Nf6 3. e3 e6 4. Nd2 Nbd7 5. Bd3 c5 6. c3 c4 7. Bc2 h6 8. Qf3
Nb6 9. e4 dxe4 10. Nxe4 Nbd5 11. Bg3 Be7 12. Ne2 b6 13. Nf4 Bd7 14. Nxd5 Nxd5
15. Be5 O-O 16. Qg3 Bf6 17. Rd1 Bc6 18. O-O Bxe5 19. dxe5 Qe7 20. Rd4 f5 21.
exf6 Nxf6 22. Re1 Rad8 23. Rxc4 Bxe4 24. Bxe4 Nxe4 25. Rcxe4 Rd2 26. R4e2 Rfd8
27. Qe3 R8d3 28. Rxd2 Rxe3 29. Rxe3 Qg5 30. h3 Qf5 31. a3 Qb1+ 32. Kh2 Qc1 33.
Rde2 Qd1 34. Rxe6 Qd5 35. R6e4 Qd6+ 36. g3 Qc5 37. Kg2 Qd5 38. c4 Qc6 39. b4
Qa4 40. R2e3 Qc2 41. Rd4 Qc1 42. Rd7 Qxc4 43. Ree7 Qc6+ 44. Kh2 a5 45. Rxg7+
Kf8 46. Rdf7+ Ke8 47. Rc7 1-0

[Event "LLWestMV2014-15"]
[Site "?"]
[Date "2015.01.18"]
[Round "5.4"]
[White "Schawaller, Norbert"]
[Black "Gipp, Thomas"]
[Result "0-1"]
[WhiteElo "1473"]
[BlackElo "1859"]
[PlyCount "68"]
[EventType "team-tourn"]
[EventRounds "9"]
[WhiteTeam "VfL Blau Weisz Neukloster"]
[BlackTeam "SV Empor Kuehlungsborn"]

1. e4 c5 2. Bc4 e6 3. Nc3 Nc6 4. Nf3 a6 5. a4 Be7 6. O-O d6 7. d4 cxd4 8. Nxd4
Bd7 9. Be3 Nf6 10. Qd2 Qc7 11. Rad1 Rc8 12. b3 Ne5 13. Nde2 Nxc4 14. bxc4 Qxc4
15. f3 Bxa4 16. Nxa4 Qxa4 17. c3 O-O 18. Rb1 Qd7 19. Rb2 b5 20. Rd1 Qb7 21. Rc1
d5 22. exd5 Nxd5 23. Bd4 Ba3 24. Rbc2 Bxc1 25. Qxc1 f6 26. Ng3 e5 27. Bf2 Rfd8
28. c4 Rxc4 29. Rxc4 bxc4 30. Qxc4 Rc8 31. Qg4 Rc1+ 32. Nf1 Qc8 33. Qe4 Qc4 34.
Qxc4 Rxc4 0-1

[Event "LLWestMV2014-15"]
[Site "?"]
[Date "2015.01.18"]
[Round "5.5"]
[White "Pross, Benjamin"]
[Black "Powilleit, Andy"]
[Result "1-0"]
[WhiteElo "1800"]
[BlackElo "1583"]
[PlyCount "87"]
[EventType "team-tourn"]
[EventRounds "9"]
[WhiteTeam "SV Empor Kuehlungsborn"]
[BlackTeam "VfL Blau Weisz Neukloster"]

1. e4 c5 2. Nc3 Nc6 3. g3 e5 4. Bg2 d6 5. Nge2 Nf6 6. h3 a6 7. O-O h6 8. d3 Be7
9. Be3 Be6 10. f4 Nd4 11. Qd2 Bd7 12. Kh2 h5 13. Nd5 Nxd5 14. exd5 Nf5 15. fxe5
dxe5 16. Rae1 Qc7 17. Be4 g6 18. c3 Nd6 19. Bg2 f5 20. Bg5 Qd8 21. Bxe7 Qxe7
22. Nf4 Qg7 23. Qe3 O-O 24. Qxe5 Qxe5 25. Rxe5 Kg7 26. Ne6+ Bxe6 27. dxe6 Rac8
28. Rd5 Rc6 29. Re1 Re8 30. d4 c4 31. Re2 Kf6 32. e7 b5 33. Rde5 Rb6 34. Re6+
Kf7 35. Bd5 Kg7 36. a3 a5 37. h4 Ra6 38. Kg2 Rb6 39. Kf3 Ra6 40. Kf4 Rb6 41.
Bf3 Ra6 42. Ke5 Nf7+ 43. Kd5 Rxe6 44. Kxe6 1-0

[Event "LLWestMV2014-15"]
[Site "?"]
[Date "2015.01.18"]
[Round "5.7"]
[White "Prueter, Reinhard"]
[Black "Kohrt, Detlef"]
[Result "1-0"]
[WhiteElo "1636"]
[BlackElo "1459"]
[PlyCount "139"]
[EventType "team-tourn"]
[EventRounds "9"]
[WhiteTeam "SV Empor Kuehlungsborn"]
[BlackTeam "VfL Blau Weisz Neukloster"]

1. d4 d5 2. Nf3 Nf6 3. c4 dxc4 4. Nc3 e6 5. e3 a6 6. Bxc4 b5 7. Bd3 Bb4 8. O-O
O-O 9. Qc2 h6 10. Ne5 Bb7 11. Bd2 Bxc3 12. Bxc3 Qd5 13. f3 Nbd7 14. Nxd7 Qxd7
15. Rac1 Nd5 16. Bd2 Rac8 17. e4 Nb4 18. Bxb4 Qxd4+ 19. Kh1 Qxb4 20. a3 Qd4 21.
Rfd1 Qb6 22. Qd2 c5 23. Qe3 Rfd8 24. b4 Qa7 25. bxc5 Bc6 26. h3 e5 27. f4 exf4
28. Qxf4 Rd4 29. Qf5 Qd7 30. e5 Qxf5 31. Bxf5 Rcd8 32. Rxd4 Rxd4 33. Re1 Rd5
34. Bg4 Rxc5 35. e6 fxe6 36. Bxe6+ Kh8 37. Rf1 Re5 38. Bg4 Rg5 39. Rf2 Rc5 40.
Bf5 Rc1+ 41. Kh2 Ra1 42. Rc2 Bd5 43. Rc8+ Bg8 44. Be6 Rxa3 45. Bxg8 a5 46. Bc4+
Kh7 47. Bxb5 Rb3 48. Bd7 Rb7 49. Bc6 Ra7 50. Ba4 g5 51. Rc6 Kg7 52. Kg3 h5 53.
Rc5 Kf6 54. Kf3 Kg6 55. Bc2+ Kh6 56. Rc6+ Kg7 57. Rg6+ Kf7 58. Rxg5 a4 59. Rxh5
Kf6 60. Rb5 a3 61. Rb1 Ke5 62. Ra1 Kd4 63. Ke2 Kc3 64. Kd1 Kb2 65. Rb1+ Kc3 66.
Rb3+ Kc4 67. Rf3 a2 68. Bb3+ Kb4 69. Bxa2 Rxa2 70. g4 1-0

[Event "LLWestMV2014-15"]
[Site "?"]
[Date "2015.01.18"]
[Round "5.8"]
[White "Luetzow, Siegfried"]
[Black "Grossmann, Henry"]
[Result "0-1"]
[WhiteElo "1593"]
[BlackElo "1460"]
[PlyCount "128"]
[EventType "team-tourn"]
[EventRounds "9"]
[WhiteTeam "VfL Blau Weisz Neukloster"]
[BlackTeam "SV Empor Kuehlungsborn"]

1. f4 d5 2. b3 Nf6 3. Nf3 e6 4. Bb2 Be7 5. e3 b6 6. Be5 Ba6 7. Bxa6 Nxa6 8. O-O
O-O 9. Qe2 Nc5 10. Nc3 a6 11. Nd4 Qd7 12. f5 Nb7 13. Bxf6 Bxf6 14. Qg4 e5 15.
Nf3 e4 16. Ng5 c5 17. Rad1 Rad8 18. Ncxe4 dxe4 19. Nxe4 Qe7 20. Rf3 Nd6 21.
Nxf6+ Qxf6 22. d3 Rfe8 23. Rdf1 Re5 24. e4 Nb5 25. Rh3 Nd4 26. Rf2 b5 27. Qh5
h6 28. c3 Nc6 29. Rff3 Qg5 30. Qxg5 hxg5 31. Rh5 f6 32. h4 gxh4 33. Rxh4 b4 34.
c4 Re7 35. Rfh3 Kf7 36. Kf2 a5 37. Rh8 Ree8 38. R8h7 Ne5 39. Ke2 Ra8 40. Ke3
Nc6 41. g4 a4 42. Kf4 axb3 43. axb3 Ra3 44. g5 fxg5+ 45. Kxg5 Rxb3 46. f6 Re5+
47. Kg4 Kxf6 48. Rf3+ Kg6 49. Rfh3 Rb1 50. Kf4 b3 51. Rh1 Rxh1 52. Rxh1 Kf6 53.
Ra1 Nd4 54. Ra6+ Ne6+ 55. Ke3 Kg5 56. Ra7 g6 57. Kd2 Nd4 58. Rd7 Kf4 59. Rf7+
Kg4 60. Rf1 g5 61. Ke3 Re7 62. Rg1+ Kh5 63. Rh1+ Kg6 64. Ra1 Nc2+ 0-1

[Event "LLWestMV2014-15"]
[Site "?"]
[Date "2015.01.18"]
[Round "5.1"]
[White "Dupke, Andreas"]
[Black "Piske, Thomas"]
[Result "1-0"]
[WhiteElo "1772"]
[BlackElo "1777"]
[PlyCount "56"]
[EventType "team-tourn"]
[EventRounds "9"]
[WhiteTeam "SG Eintracht Neubrandenburg II"]
[BlackTeam "ASV GW Wismar II"]

1. e4 d6 2. d4 Nf6 3. Nc3 g6 4. Nf3 Bg7 5. Be3 O-O 6. h3 c6 7. Qd2 b5 8. Bd3 b4
9. Ne2 a5 10. O-O Qc7 11. Rfc1 c5 12. c3 bxc3 13. Rxc3 Qb7 14. Ng3 cxd4 15.
Bxd4 Nc6 16. Rb3 Nb4 17. Bxf6 Bxf6 18. Bc4 Qa7 19. h4 Bg4 20. h5 gxh5 21. Nf5
Qd7 22. N5d4 d5 23. Bb5 Qb7 24. Bc6 Qa7 25. Bxa8 Qxa8 26. a3 Na6 27. Rb6 dxe4
28. Rxf6 exf6 1-0

[Event "LLWestMV2014-15"]
[Site "?"]
[Date "2015.01.18"]
[Round "5.2"]
[White "Wagner, Bernd"]
[Black "Zabka, Helge, Dr."]
[Result "1-0"]
[WhiteElo "1764"]
[BlackElo "1648"]
[PlyCount "35"]
[EventType "team-tourn"]
[EventRounds "9"]
[WhiteTeam "ASV GW Wismar II"]
[BlackTeam "SG Eintracht Neubrandenburg II"]

1. d4 Nf6 2. c4 c5 3. d5 b5 4. e3 Bb7 5. Nc3 Qa5 6. Qb3 a6 7. Bd3 e6 8. e4 b4
9. Nce2 e5 10. f4 d6 11. fxe5 dxe5 12. Nf3 Nbd7 13. O-O g6 14. Bg5 Qb6 15. Nxe5
Nxe4 16. Nxd7 Qc7 17. Nf6+ Nxf6 18. Bxf6 1-0

[Event "LLWestMV2014-15"]
[Site "?"]
[Date "2015.01.18"]
[Round "5.3"]
[White "Meyer, Detlef"]
[Black "Schmidtke, Wilfried"]
[Result "1-0"]
[WhiteElo "1808"]
[BlackElo "1630"]
[PlyCount "89"]
[EventType "team-tourn"]
[EventRounds "9"]
[WhiteTeam "SG Eintracht Neubrandenburg II"]
[BlackTeam "ASV GW Wismar II"]

1. e4 c5 2. Bc4 Nc6 3. Nc3 Nf6 4. a3 g6 5. d3 Bg7 6. Nf3 d6 7. h3 O-O 8. Bg5
Bd7 9. Qd2 a6 10. O-O b5 11. Ba2 e6 12. Rfe1 Qc7 13. Rad1 Rac8 14. Qf4 Nh5 15.
Qc1 Nd4 16. Nh2 b4 17. Ne2 bxa3 18. bxa3 Ba4 19. Bb1 Rb8 20. Ng4 Nxe2+ 21. Rxe2
Bb2 22. Qd2 Bxa3 23. Nh6+ Kg7 24. Qc3+ f6 25. Qxa3 fxg5 26. Qxa4 Kxh6 27. Qxa6
Rf7 28. Ba2 Nf4 29. Red2 d5 30. Bb3 Rbf8 31. Qa2 Qe5 32. Qa1 d4 33. Rf1 Nxh3+
34. gxh3 Rf3 35. Kg2 R8f6 36. Re2 g4 37. Qc1+ R6f4 38. hxg4 Qg5 39. Rh1+ Kg7
40. Bxe6 Qf6 41. Bc8 Rxf2+ 42. Rxf2 Rxf2+ 43. Kg1 g5 44. Bf5 Rf3 45. Rxh7+ 1-0

[Event "LLWestMV2014-15"]
[Site "?"]
[Date "2015.01.18"]
[Round "5.4"]
[White "Luu, Vinh Phuc"]
[Black "Witkowski, Rainer"]
[Result "0-1"]
[WhiteElo "1563"]
[BlackElo "1806"]
[PlyCount "58"]
[EventType "team-tourn"]
[EventRounds "9"]
[WhiteTeam "ASV GW Wismar II"]
[BlackTeam "SG Eintracht Neubrandenburg II"]

1. e4 e6 2. d4 d5 3. exd5 exd5 4. Nf3 Bd6 5. Be2 Ne7 6. O-O O-O 7. c4 c6 8. b3
Nd7 9. Bb2 Nf6 10. Nbd2 Bg4 11. h3 Bh5 12. Rc1 Re8 13. Re1 Rc8 14. Bd3 Bg6 15.
Qc2 Bxd3 16. Qxd3 Qa5 17. Qb1 Bb4 18. Re2 Ng6 19. Rxe8+ Rxe8 20. Rd1 Nf4 21.
Qc2 g6 22. a3 Bf8 23. Re1 Rxe1+ 24. Nxe1 Bxa3 25. Bxa3 Qxa3 26. Nb1 Qa1 27. Qd1
Kg7 28. Nc2 Qb2 29. Ne3 Ne4 0-1

[Event "LLWestMV2014-15"]
[Site "?"]
[Date "2015.01.18"]
[Round "5.5"]
[White "Leisner, Ekkehardt"]
[Black "Noelter, Gerd"]
[Result "1-0"]
[WhiteElo "1616"]
[BlackElo "1619"]
[PlyCount "59"]
[EventType "team-tourn"]
[EventRounds "9"]
[WhiteTeam "SG Eintracht Neubrandenburg II"]
[BlackTeam "ASV GW Wismar II"]

1. c4 e6 2. g3 c6 3. Bg2 Nf6 4. e3 d5 5. b3 b6 6. Qc2 Bb7 7. Nf3 Nbd7 8. Bb2 g6
9. O-O Bg7 10. d3 O-O 11. Nbd2 Nh5 12. Rfe1 Bxb2 13. Qxb2 Ng7 14. e4 Re8 15.
Rad1 Qf6 16. e5 Qe7 17. d4 c5 18. Rc1 cxd4 19. Nxd4 Nc5 20. Re3 Red8 21. b4 Na6
22. a3 dxc4 23. Bxb7 Qxb7 24. Nxc4 Rxd4 25. Qxd4 Nf5 26. Qe4 Qc8 27. Rec3 Qb8
28. g4 Ne7 29. Nd6 Kg7 30. Qf3 1-0

[Event "LLWestMV2014-15"]
[Site "?"]
[Date "2015.01.18"]
[Round "5.6"]
[White "Schleese, Wolfgang"]
[Black "Sommer, Hans-Hermann"]
[Result "1-0"]
[WhiteElo "1541"]
[BlackElo "1654"]
[PlyCount "81"]
[EventType "team-tourn"]
[EventRounds "9"]
[WhiteTeam "ASV GW Wismar II"]
[BlackTeam "SG Eintracht Neubrandenburg II"]

1. d4 Nf6 2. Nf3 g6 3. Bf4 d5 4. e3 Bg7 5. Nbd2 O-O 6. Bd3 c6 7. O-O Nbd7 8.
Ne5 Nh5 9. Nxd7 Qxd7 10. Bg3 Nxg3 11. hxg3 e5 12. dxe5 Bxe5 13. c3 Qe7 14. Be2
a5 15. Nf3 Bf6 16. a4 Rd8 17. Qc2 Bf5 18. Bd3 Bxd3 19. Qxd3 Rd7 20. Rfe1 Rad8
21. Rad1 Qc5 22. Nd4 Qb6 23. Qc2 Qc5 24. Qd3 Qe7 25. Nf3 Qc5 26. Nd4 Qc4 27.
Qxc4 dxc4 28. Rc1 Bxd4 29. exd4 b5 30. axb5 cxb5 31. Re5 Rd5 32. Rxd5 Rxd5 33.
Kf1 f6 34. Ke2 Kf7 35. Ke3 Ke6 36. g4 h5 37. gxh5 Rxh5 38. Ra1 a4 39. Re1 Kd6
40. Kf3 Rf5+ 41. Ke3 1-0

[Event "LLWestMV2014-15"]
[Site "?"]
[Date "2015.01.18"]
[Round "5.7"]
[White "Rehbein, Hans Juergen"]
[Black "Soltmann, Jan"]
[Result "1/2-1/2"]
[WhiteElo "1622"]
[BlackElo "1497"]
[PlyCount "30"]
[EventType "team-tourn"]
[EventRounds "9"]
[WhiteTeam "SG Eintracht Neubrandenburg II"]
[BlackTeam "ASV GW Wismar II"]

1. Nf3 g6 2. g3 Bg7 3. Bg2 Nf6 4. d3 O-O 5. Nbd2 d5 6. b3 c6 7. Bb2 Bg4 8. O-O
Bxf3 9. Nxf3 Nbd7 10. Re1 Re8 11. c4 dxc4 12. dxc4 Qc7 13. Qc2 Rad8 14. Rad1
Qb6 15. Bh3 Nf8 1/2-1/2

[Event "LLWestMV2014-15"]
[Site "?"]
[Date "2015.02.22"]
[Round "6.2"]
[White "Mueller, Axel"]
[Black "Wiemer, Juergen"]
[Result "1-0"]
[WhiteElo "1923"]
[BlackElo "1916"]
[PlyCount "49"]
[EventType "team-tourn"]
[EventRounds "9"]
[WhiteTeam "Putlitzer SV"]
[BlackTeam "Volley-Tigers Ludwigslust 2000"]

1. e4 e5 2. d4 exd4 3. Nf3 Nc6 4. c3 d5 5. exd5 Qxd5 6. cxd4 Bg4 7. Be2 Nf6 8.
Nc3 Bb4 9. O-O Qh5 10. Bf4 Bxc3 11. bxc3 Nd5 12. Bd2 O-O 13. h3 Be6 14. c4 Nf6
15. d5 Nxd5 16. cxd5 Qxd5 17. Bf4 Qa5 18. Qb1 Qb6 19. Be3 Qb4 20. Qxb4 Nxb4 21.
Bc5 Nd5 22. Bxf8 Kxf8 23. Bc4 f6 24. Rfe1 c6 25. Rxe6 1-0

[Event "LLWestMV2014-15"]
[Site "?"]
[Date "2015.02.22"]
[Round "6.3"]
[White "Krueger, Horst"]
[Black "Blume, Christian"]
[Result "1/2-1/2"]
[WhiteElo "1897"]
[BlackElo "1808"]
[PlyCount "80"]
[EventType "team-tourn"]
[EventRounds "9"]
[WhiteTeam "Volley-Tigers Ludwigslust 2000"]
[BlackTeam "Putlitzer SV"]

1. d4 d5 2. c4 e6 3. Nf3 Nf6 4. Bg5 Be7 5. Nc3 O-O 6. e3 Nbd7 7. Qc2 a6 8. Rd1
c6 9. a3 h6 10. Bh4 Re8 11. Be2 Nh7 12. Bxe7 Qxe7 13. O-O f5 14. b4 b5 15. cxd5
cxd5 16. a4 Qxb4 17. Rb1 Qe7 18. axb5 axb5 19. Nxb5 Ba6 20. Nc7 Rec8 21. Rfc1
Bxe2 22. Qxe2 Ra7 23. Nb5 Rxc1+ 24. Rxc1 Rb7 25. g3 Nhf8 26. Rc6 Qb4 27. Nc7
Qb1+ 28. Kg2 Rb2 29. Qe1 Qe4 30. Ne8 g5 31. Nd6 Qd3 32. Rc3 Qa6 33. Nc8 Qa2 34.
Ne7+ Kf7 35. Nc6 g4 36. Nfe5+ Kf6 37. Nd3 Re2 38. Qc1 Qd2 39. Qxd2 Rxd2 40. Nf4
Rb2 1/2-1/2